Использование информационных технологий поддержки жизненного цикла изделий при производстве комплектующих в авиа-, приборо- и машиностроении: учебно-методический комплекс

Podrobná bibliografie
Hlavní autor: Николаев А. В.
Korporativní autor: Ульяновский государственный университет
Další autoři: Кузнецова Л. В., Кондратьева А. С.
Shrnutí:Учебно-методический комплекс содержит теоретический материал, рекомендации по проведению лабораторных занятий, контрольные вопросы и задания, а также методические указания по применению технологий дистанционного обучения. Целью учебно-методического комплекса является получение студентами специальностей автомобильного профиля теоретических знаний и практических навыков работы с информационными системами, построенными на базовых принципах CALS. Это позволит лучше подготовить персонал отечественных предприятий для работы в условиях интеграции с мировыми автогигантами, автосборочные заводы которых строятся в настоящее время в России.
Jazyk:ruština
Vydáno: Ульяновск, Изд-во Ульяновского ГУ, 2006
Témata:
Médium: MixedMaterials Kniha
KOHA link:https://koha.lib.tpu.ru/cgi-bin/koha/opac-detail.pl?biblionumber=122861

MARC

LEADER 00000nam0a2200000 4500
001 122861
005 20231101215754.0
035 |a (RuTPU)RU\TPU\book\133006 
090 |a 122861 
100 |a 20071009d2006 m y0rusy50 ca 
101 0 |a rus 
102 |a RU 
105 |a y j 001zy 
200 1 |a Использование информационных технологий поддержки жизненного цикла изделий при производстве комплектующих в авиа-, приборо- и машиностроении  |e учебно-методический комплекс  |f А. В. Николаев, Л. В. Кузнецова, А. С. Кондратьева  |g Ульяновский государственный университет 
210 |a Ульяновск  |c Изд-во Ульяновского ГУ  |d 2006 
215 |a 72 с. 
320 |a Библиография в конце разделов. 
330 |a Учебно-методический комплекс содержит теоретический материал, рекомендации по проведению лабораторных занятий, контрольные вопросы и задания, а также методические указания по применению технологий дистанционного обучения. Целью учебно-методического комплекса является получение студентами специальностей автомобильного профиля теоретических знаний и практических навыков работы с информационными системами, построенными на базовых принципах CALS. Это позволит лучше подготовить персонал отечественных предприятий для работы в условиях интеграции с мировыми автогигантами, автосборочные заводы которых строятся в настоящее время в России. 
610 1 |a машиностроение 
610 1 |a управленческие технологии 
610 1 |a системы управления 
610 1 |a архитектура 
610 1 |a жизненный цикл 
610 1 |a информация 
610 1 |a управление 
610 1 |a ресурсы 
610 1 |a логистическая поддержка 
610 1 |a лабораторные занятия 
610 1 |a контрольные вопросы 
610 1 |a задания 
610 1 |a учебные пособия 
675 |a 621.002:65(07)  |v 3 
700 1 |a Николаев  |b А. В. 
701 1 |a Кузнецова  |b Л. В. 
701 1 |a Кондратьева  |b А. С. 
712 0 2 |a Ульяновский государственный университет  |2 stltpush  |3 (RuTPU)RU\TPU\col\10831  |9 24937 
801 1 |a RU  |b 63413507  |c 20071009  |g PSBO 
801 2 |a RU  |b 63413507  |c 20071024  |g PSBO 
942 |c BK